|
|
|
|
| LEADER |
00000nam2a2200000 4500 |
| 001 |
361540 |
| 005 |
20231102011411.0 |
| 035 |
|
|
|a (RuTPU)RU\TPU\retro\18870
|
| 035 |
|
|
|a RU\TPU\retro\18845
|
| 090 |
|
|
|a 361540
|
| 100 |
|
|
|a 20210621d1951 k y0rusy50 ca
|
| 101 |
0 |
|
|a rus
|
| 102 |
|
|
|a RU
|
| 105 |
|
|
|a a z 001zy
|
| 200 |
0 |
|
|a Вып. 11
|f под ред. С. М. Воронова, М. В. Шарова
|
| 210 |
|
|
|d 1951
|
| 215 |
|
|
|a 138 с.
|c ил.
|
| 320 |
|
|
|a Библиогр. в конце ст.
|
| 461 |
|
1 |
|0 (RuTPU)RU\TPU\retro\18841
|t Труды Московского авиационного технологического института
|o [сборник]
|f Московский авиационный технологический институт
|v Вып. 11
|d 1948-
|
| 606 |
1 |
|
|a Авиационные материалы
|2 stltpush
|3 (RuTPU)RU\TPU\subj\447
|9 29371
|
| 610 |
1 |
|
|a отливки
|
| 610 |
1 |
|
|a затвердевание
|
| 610 |
1 |
|
|a сплавы
|
| 610 |
1 |
|
|a дегазация
|
| 610 |
1 |
|
|a фасонное литье
|
| 610 |
1 |
|
|a механические свойства
|
| 610 |
1 |
|
|a низкие температуры
|
| 610 |
1 |
|
|a высокие температуры
|
| 675 |
|
|
|a 629.73.002.3
|v 4
|
| 702 |
|
1 |
|a Воронов
|b С. М.
|4 340
|
| 702 |
|
1 |
|a Шаров
|b М. В.
|4 340
|
| 801 |
|
1 |
|a RU
|b 63413507
|c 20210615
|
| 801 |
|
2 |
|a RU
|b 63413507
|c 20210621
|g RCR
|
| 942 |
|
|
|c BK
|